00255nam a2200109 a 4500008004100000050001800041100001600059245001900075260003200094300001000126350000900136120416s1974 ||||||||||||||||| || u aPR 6045.A95F3 aWaugh, Alec14aThe fatal gift aLondonbThe Book Clubc1974 a314p. a0.00